00000000nam##2200000za#4500
0019.531584
003CaOODSP
00520200327071808
007ta
008150406|1999||||xxc|||||     f|0| 0 eng|d
020 |a0-660-60792-1
040 |aCaOODSP|beng
041 |aeng
041 |afre
043 |an-cn---
0861 |aBT31-2/2000-III-4
1101 |aCanada. |bTreasury Board.
24510|aCanadian Radio-television and Telecommunications Commission
260 |aOttawa - Ontario : |bTreasury Board of Canada Secretariat |c1999.
300 |aEnglish text, 37p. : |borganization chart, tables ; |c28 cm.
4901 |a1999-2000 estimates, part III: Report on plans and priorities
546 |aBilingual
563 |aSoftcover
590 |a99-13|b1999-04-01
69007|aEstimates|2gcpds
7760#|tCanadian Radio-television and Telecommunications Commission, 1999–2000 estimates, a report on plans and priorities, approved |w(CaOODSP)9.567758
7760#|tConseil de la radiodiffusion et des télécommunications canadiennes, budget des dépenses 1999–2000, un rapport sur les plans et les priorités, approuvé |w(CaOODSP)9.599082
792 |tConseil de la radiodiffusion et des télécommunications canadiennes |efre|w(CaOODSP)9.531585
830#0|a1999-2000 estimates, part III: Report on plans and priorities.|w(CaOODSP)9.508962